000
00346nam a2200157Ia 4500
008
230605s1986 xx 000 0 und d
041
_a
eng
100
_a
Jay J
245
_a
Modern Food Microbiology
250
_a
3rd
260
_b
C.B.S.Publication
_c
1986
300
_a
642p
520
_a
General
520
_a
Hard Board
650
_a
C.S.
999
_c
419640
_d
419640